007540000a220012100045001000026000002450063000263000051000895200332001407730045004729420008005179520090005259990017006151 aSalazar, Jorge Iván10a¿Una confesión tardía? : Las memorias de Gunter Grass aVol.0, núm.21 (Junio, 2007), Páginas 16-17 aPelando la cebolla levantó polémica desde el mismo momento en que se lanzó en octubre pasado en Alemania. Recientemente traducido al español, el libro circulará la próxima semana en Colombia y abre varias preguntas sobre la responsabilidad del escritor ante sus circunstancias históricas. ¿Culpable o inocente?0 tArcadia / Andrés Felipe Solano, Editor cANA 001040708HEMaFUSBCbFUSBCd2016-01-26l0o r2016-01-26 00:00:00w2016-01-26yANA c62204d62204